Neotropical Tineidae, VI: Prosetomorpha falcata, a new genus and species of Setomorphinae (<Lepidoptera: Tineoidea>) from Colombia associated with curculionid galleries in stems of solanum (Registro nro. 11429)
[ vista simple ]
| 000 -CABECERA | |
|---|---|
| Campo de control | 007550000a22001930004500 |
| 090 ## - CLASIFICACIÓN LOCAL | |
| Colección | AR |
| Consecutivo | 02358 |
| 041 0# - IDIOMA | |
| Código de idioma para texto/pista de sonido o título separado | |
| 100 1# - ASIENTO PRINCIPAL--NOMBRE PERSONAL | |
| Nombre personal | Davis, Doanld R. |
| 245 10 - MENCION DE TITULO | |
| Título | Neotropical Tineidae, VI: Prosetomorpha falcata, a new genus and species of Setomorphinae (<Lepidoptera: Tineoidea>) from Colombia associated with curculionid galleries in stems of solanum |
| 650 14 - ASIENTO SECUNDARIO DE MATERIA - TERMINO TEMATICO | |
| Término temático o nombre geográfico como elemento de entrada | Entomología |
| 650 14 - ASIENTO SECUNDARIO DE MATERIA - TERMINO TEMATICO | |
| Término temático o nombre geográfico como elemento de entrada | Morfología animal |
| 650 14 - ASIENTO SECUNDARIO DE MATERIA - TERMINO TEMATICO | |
| Término temático o nombre geográfico como elemento de entrada | Nuevas especies |
| 650 14 - ASIENTO SECUNDARIO DE MATERIA - TERMINO TEMATICO | |
| Término temático o nombre geográfico como elemento de entrada | Desarrollo animal |
| 651 #4 - ASIENTO SECUNDARIO DE MATERIA - NOMBRE GEOGRAFICO | |
| -- | Colombia |
| 653 ## - TERMINO DE INDIZACION - NO CONTROLADO | |
| -- | Tineidae |
| -- | Prosetomorpha |
| -- | Prosettomorpha falcata |
| 653 ## - TERMINO DE INDIZACION - NO CONTROLADO | |
| -- | Setomorphinae |
| 773 1# - Item fuente: | |
| Título | Proceedings of the Entomological Society of Washington |
| Especificación de materiales | 427 |
| Descripción física | 2 |
| Paginas del Articulo | 173-187 |
| Lugar, editorial y fecha de publicación | 1996 |
| Información sobre la relación | 98 |
| 942 ## - ELEMENTOS ADICIONALES (KOHA) | |
| Tipo de ítem | Artículo |
| Withdrawn status | Lost status | Damaged status | No para préstamo | Colección | Ubicación Permanente | Ubicación actual | Fecha de adquisición | Datos de publicación Seriada | Total Checkouts | Número topográfico | Inventario / Código de Barras | Date last seen | Ejemplar | Price effective from | Forma de adquisición | Tipo de material |
|---|---|---|---|---|---|---|---|---|---|---|---|---|---|---|---|---|
| No para Préstamo | Hemeroteca | Bogotá | Bogotá | 27/02/2015 | Fuera de circulación | AR 02358 | 012767 | 25/03/2015 | 1 | 25/03/2015 | Artículo |